00414nam a2200169Ia 4500003000400000005001700004008004100021020001800062040000700080041000800087082001900095100001900114245004300133260004000176300001500216365001300231OSt20230401092710.0210423s2008 xx 000 0 und d a9788125919131 cAL aeng a658.3 DWIR223 aDWIVEDI (R S). aTextbook of human resource management. aNew DelhibVikas Publicationsc2008 aix,397bPB b265cINR